Normal view
MARC view
Entry Personal Name
001 - CONTROL NUMBER
- control field: 6535
003 - CONTROL NUMBER IDENTIFIER
- control field: ARRUPE
005 - DATE AND TIME OF LATEST TRANSACTION
- control field: 20140113101357.0
008 - FIXED-LENGTH DATA ELEMENTS
- fixed length control field: 140113|| aca||aabn | a|a d
040 ## - CATALOGING SOURCE
- Original cataloging agency: ARRUPE
- Transcribing agency: ARRUPE
100 ## - HEADING--PERSONAL NAME
- Personal name: Gordon, Lewis R.
- Fuller form of name: (Lewis Ricardo),
- Dates associated with a name: 1962-
670 ## - SOURCE DATA FOUND
- Source citation: Work cat.: (ARRUPE)0: Gordon, Lewis R. (Lewis Ricardo), 1962-, An introduction to Africana philosophy /, 2008.